000 00689nam a2200289Ia 4500
005 20260324130717.0
008 008 260324s9999 xx 000 0 eng d
020 _a9780203938461
037 _aEBOOK
040 _aCRL
040 _beng
040 _cCRL
041 _2eng
041 _aeng
084 _qCRL
100 _aJon Henderson
_91182810
245 4 _aThe Atlantic Iron Age
245 0 _bSettlement and Identity in the First Milennium BC
260 _bTaylor and Francis
260 _c2007
365 _a
365 _b240
856 _uhttp://www.taylorfrancis.com/books/9780203938461
942 _cEBOOK
999 _c1779210
_d1779210